Jeffrey Sachs zůstává optimistou

Názory J. Sachsa (duchovný otec šokovej terapie) na úspešnosť českej ekonomickej reformy. Súvislosť svetového vývoja s vývojom v Rusku. Trhovo orientované reformy prebiehajúce vo svete v posledných 10-tich rokoch. Ekonomické reformy v strednej Európe. Česká republika a Poľsko. Otázka rýchlosti postu...

Descripción completa

Guardado en:
Detalles Bibliográficos
Autor principal: Sachs, J.
Formato: Capítulo de libro
Lenguaje:checo
Materias:
Etiquetas: Agregar Etiqueta
Sin Etiquetas, Sea el primero en etiquetar este registro!

MARC

LEADER 00000naa a2200000 4500
001 r014899
005 20221213081919.8
041 0 |a cze 
044 |a CZ 
245 1 0 |a Jeffrey Sachs zůstává optimistou  |c J. Sachs 
520 |a Názory J. Sachsa (duchovný otec šokovej terapie) na úspešnosť českej ekonomickej reformy. Súvislosť svetového vývoja s vývojom v Rusku. Trhovo orientované reformy prebiehajúce vo svete v posledných 10-tich rokoch. Ekonomické reformy v strednej Európe. Česká republika a Poľsko. Otázka rýchlosti postupu ekonomickej transformácie. Perspektíva ekonomickej transformácie v strednej Európe a v Rusku. 
610 2 0 |a reformy hospodárske 
610 2 0 |a transformácia 
610 2 0 |a svet 
610 2 0 |a stredná Európa 
610 2 0 |a Česko 
610 2 0 |a Rusko 
100 1 |a Sachs, J.